Plant family fabaceae: Biology and physiological responses to environmental stresses (Record no. 395358)

MARC details
000 -LEADER
fixed length control field 00640 a2200217 4500
005 - DATE & TIME
control field 20260128110001.0
008 - FIXED-LENGTH DATA ELEMENTS--GENERAL INFORMATION
fixed length control field 260127b |||||||| |||| 00| 0 eng d
020 ## - ISBN
International Standard Book Number 9789811547515
Price € 169.99
040 ## - CATALOGING SOURCE
Original cataloging agency VIVEKANANDA LIBRARY
082 ## - DDC NUMBER
Classification number 583.52
Book Number H27P
100 ## - MAIN ENTRY--PERSONAL NAME
Personal name Hasanuzzaman, Mirza, ed.
245 ## - TITLE STATEMENT
Title Plant family fabaceae: Biology and physiological responses to environmental stresses
260 ## - PUBLICATION, DISTRIBUTION, ETC. (IMPRINT)
Name of publisher, distributor, etc Springer Nature
Date of publication, distribution, etc 2020
Place of publication, distribution, etc Singapore
300 ## - PHYSICAL DESCRIPTION
Pages xix, 541
650 ## - Subject
Subject Plants-Stress Responses
650 ## - Subject
Subject Dicotyledons
650 ## - Subject
Subject Febaceae
700 ## - Added Entry Personal Name
Added Entry Personal Name Araujo, Susana, ed.
700 ## - Added Entry Personal Name
Added Entry Personal Name Gill, Sarvajeet Singh, ed.
942 ## - ADDED ENTRY ELEMENTS (KOHA)
Koha item type Books
Holdings
Withdrawn status Lost status Source of classification or shelving scheme Damaged status Not for loan Location (home branch) Sublocation or collection (holding branch) Shelving location Date acquired Koha issues (times borrowed) Koha full call number Accession No. Koha date last seen Koha item type
    Dewey Decimal Classification     VIVEKANANDA LIBRARY VIVEKANANDA LIBRARY Vivekananda Library 07/01/2026   583.52 H27P 443765 07/01/2026 Books
© Designed and Maintained by Vivekananda Library, MDU Rohtak